000
00454nam a2200157Ia 4500
008
151213s9999 xx 000 0 und d
100
_a
নির্মলেন্দু ধর
245
_a
কোম্পানী আইন
_c
নির্মলেন্দু ধর
250
_a
2nd
260
_a
Dhaka
_b
Remisi
_c
2000
300
_a
1277 p.
650
_a
Law
650
_a
Law
700
_a
নির্মলেন্দু ধর
999
_c
1087
_d
1087